00725 2200229 4500001002100000005001700021008004100038035002400079040001200103082000800115090001500123100002100138245013900159260002600298300002500324500005500349650001400404700002800418700002200446850001200468990001500480YOGYA-0209000001868720090227022908.0 ind  0010-020900000018687 aYOPDYOG a613 a613bSeh P aSEHNERT, Keith W aPetunjuk praktis mengatasi gangguan kesehatan di rumah andacKeith W. Sehnert, Howard Eisenberg ; alih bahasa, Indriani K. Sumadikarya aJakartabKresnoc1980 a298 hlmbilusc21 cm aJudul asli : How to be your own doctor (sometimes) aKesehatan aSumadikarya, Indriani K aEISENBERG, Howard aYOPDYOG aP000013085